| Поле | Инд. | ПП | Название | Значение |
|---|---|---|---|---|
| Тип записи | a | |||
| Библиографический уровень | b | |||
| 001 | Контрольный номер | RU/IS/BASE/211556747 | ||
| 005 | Дата корректировки | 20200522191041.0 | ||
| 008 | Кодируемые данные | 20060914 | ||
| 040 | b | Код языка каталог. | rus | |
| e | Правила каталог. | PSBO | ||
| 041 | 0_ | a | Код языка текста | rus |
| 084 | a | Индекс другой классификации/Индекс ББК | 60.000.3; 66.01; 66.1(4Фра)6; 60.001(4Фра)6 | |
| 100 | 1_ | a | Автор | Гобозов И. А. |
| 245 | 10 | a | Заглавие | Сартр и марксизм |
| 504 | a | Библиография | Библиогр. ссылки | |
| 600 | a | Персоналии | Сартр Жан Поль | |
| 650 | a | Основная рубрика | история политических учений | |
| a | Основная рубрика | история философии | ||
| a | Основная рубрика | политика | ||
| a | Основная рубрика | политическая философия (философия политики) | ||
| a | Основная рубрика | социальная философия | ||
| a | Основная рубрика | философия | ||
| 653 | a | Ключевые слова | XX век | |
| a | Ключевые слова | марксизм | ||
| a | Ключевые слова | политические учения | ||
| a | Ключевые слова | Франция | ||
| a | Ключевые слова | экзистенциализм | ||
| a | Ключевые слова | история социальной философии | ||
| 773 | 0_ | t | Заглавие источника | Философия и общество |
| d | Дата издания источника | 2006 | ||
| g | Прочая информация | № 2. - С. 5 - 19 | ||
| w | Контрольный № источника | RU/IS/BASE/208617123 | ||
| 901 | t | Тип документа | b |